Vladimir Vladimirovich Nabokov Bibliography - Statistics

General Stats
  • This quiz has been taken 26 times
    2 since last reset
  • The average score is 5 of 135
Answer Stats
Type Year Name % Correct
Novel 1955 Lolita
100%
Play 1974 Lolita: A Screenplay
100%
Short Story Collection 1969 Ada or Ardor: A Family Chronicle
50%
Novel 1947 Bend Sinister
50%
Novel 1962 Pale Fire
50%
Novel 1957 Pnin
50%
Novel 1938 The Gift
50%
Short Story 1931 A Bad Day
0%
Short Story 1931 A Busy Man
0%
Short Story 1930 A Dashing Fellow
0%
Short Story 1925 A Guide to Berlin
0%
Short Story 1925 A Letter That Never Reached Russia
0%
Short Story 1924 A Matter of Chance
0%
Short Story 1927 An Affair of Honor
0%
Poetry Collection 1918 An Almanac: Two Paths
0%
Short Story 1926 A Nursery Tale
0%
Essay 1966 A Reply to My Critics
0%
Short Story 1934 A Russian Beauty
0%
Short Story Collection 1973 A Russian Beauty and Other Stories
0%
Short Story 1935 A Slice of Life
0%
Short Story 1924 Bachmann
0%
Short Story 1924 Beneficence
0%
Short Story 1935 Breaking the News
0%
Short Story Collection 1987 Carrousel
0%
Short Story 1925 Christmas
0%
Short Story 1938 Cloud, Castle, Lake
0%
Short Story 1948 Colette
0%
Memoir 1951 Conclusive Evidence: A Memoir
0%
Interview Collection 2017 Conversations with Vladimir Nabokov
0%
Letter Collection 1984 Correspondence with the Sister
0%
Essay 1949 Curtain-Riser
0%
Letter Collection 2001 Dear Bunny, Dear Volodya: The Nabokov–Wilson Letters, 1940–1971
0%
Novel 1934 Despair
0%
Short Story 1924 Details of a Sunset
0%
Short Story Collection 1976 Details of a Sunset and Other Stories
0%
Short Story 1945 Double Talk
0%
Short Story 1925 Easter Rain
0%
Short Story 1948 First Love
0%
Novel 1932 Glory
0%
Short Story 1923 Gods
0%
Short Story 1934 In Memory of L.I. Shigaeva
0%
Novel 1936 Invitation to a Beheading
0%
Novel 1928 King, Queen, Knave
0%
Short Story 1952 Lance
0%
Novel 1933 Laughter in the Dark
0%
Short Story 1924 La Veneziana
0%
Lecture 1983 Lectures on Don Quixote
0%
Lecture 1980 Lectures on Literature
0%
Lecture 1981 Lectures on Russian Literature
0%
Lecture 1980 Lectures on Ulysses
0%
Letter Collection 2014 Letters to Véra
0%
Short Story 1939 Lik
0%
Short Story 1932 Lips to Lips
0%
Novel 1974 Look at the Harlequins!
0%
Short Story 1936 Mademoiselle O
0%
Novel 1926 Mary
0%
Short Story 1932 Music
0%
Writings Collection 1968 Nabokov's Congeries
0%
Short Story Collection 1966 Nabokov's Quartet
0%
Short Story Collection 1958 Nabovokv's Dozen
0%
Short Story 1921 Natasha
0%
Non-Fiction Work 1944 Nikolai Gogol
0%
Short Story Collection 1947 Nine Stories
0%
Non-Fiction Work 1963 Notes on Prosody
0%
Short Story 1973 Orache
0%
Memoir 1954 Other Shores
0%
Short Story 1932 Perfection
0%
Short Story 1955 Pnin Gives a Party
0%
Poetry Collection 1916 Poems
0%
Poetry Collection 1959 Poems
0%
Poetry Collection 1979 Poems
0%
Poetry Collection 1952 Poems 1929-1951
0%
Poetry Collection 1969 Poems and Problems
0%
Short Story 1926 Razor
0%
Short Story 1935 Recruiting
0%
Short Story 1924 Revenge
0%
Short Story 1923 Russian Spoken Here
0%
Short Story 1950 Scenes from the Life of a Double Monster
0%
Letter Collection 1989 Selected Letters
0%
Poetry Collection 2012 Selected Poems
0%
Short Story 1948 Signs and Symbols
0%
Short Story 1940 Solus Rex
0%
Short Story 1923 Sounds
0%
Memoir 1967 Speak, Memory
0%
Short Story 1936 Spring in Fialta
0%
Short Story Collection 1956 Spring in Fialta and Other Stories
0%
Short Story 1931 Terra Incognita
0%
Short Story 1927 Terror
0%
Short Story 1943 That In Aleppo Once...
0%
Short Story 1933 The Admiralty Spire
0%
Short Story 1943 The Assistant Producer
0%
Short Story 1941 The Aurelian
0%
Short Story 1928 The Christmas Story
0%
Short Story 1934 The Circle
0%
Poetry Collection 1922 The Cluster
0%
Novel 1930 The Defense
0%
Short Story 1927 The Doorbell
0%
Short Story 1924 The Dragon
0%
Poetry Collection 1923 The Empyrean Path
0%
Incomplete Work 1939 The Enchanter
0%
Play 1938 The Event
0%
Short Story Collection 1938 The Eye
0%
Short Story 1947 The Forgotten Poet
0%
Play 1924 The Granddad
0%
Short Story 1939 The Leonardo
0%
Play 1927 The Man from the USSR
0%
Play Collection 1984 The Man from the USSR and Other Plays
0%
Short Story 1926 The Man Stopped
0%
Letter Collection 1979 The Nabokov-Wilson Letters
0%
Incomplete Work 2009 The Original of Laura
0%
Short Story 1927 The Passenger
0%
Play 1924 The Pole
0%
Short Story 1929 The Potato Elf
0%
Novel 1941 The Real Life of Sebastian Knight
0%
Short Story 1925 The Return of Chorb
0%
Writings Collection 1929 The Return of Chorb
0%
Short Story Collection 1930 The Return of Chorb
0%
Short Story 1932 The Reunion
0%
Short Story 1924 The Seaport
0%
Short Story Collection 1995 The Stories of Vladimir Nabokov
0%
Short Story 1924 The Thunderstorm
0%
Short Story 1958 The Vane Sisters
0%
Short Story 1931 The Visit to the Museum
0%
Short Story 1939 The Visit to the Museum
0%
Play 1938 The Waltz Invention
0%
Short Story 1921 The Wood-Sprite
0%
Short Story 1923 The Word
0%
Short Story 1949 Time and Ebb
0%
Short Story 1935 Torpid Smoke
0%
Novel 1972 Transparent Things
0%
Short Story 1938 Tyrants Destroyed
0%
Short Story Collection 1975 Tyrants Destroyed and Other Stories
0%
Short Story 1940 Ultima Thule
0%
Short Story 1939 Vasily Shishkov
0%
Short Story 1924 Wingstroke
0%
No matching quizzes found
Score Distribution
Percent of People with Each Score
Percentile by Number Answered
Your Score History
You have not taken this quiz since the last reset